TSG 1899 Hoffenheim Squad 2018-2019 - Statistics

General Stats
  • This quiz has been taken 7 times
  • The average score is 19 of 33
Answer Stats
# Position Nation Player % Correct
27 FW Croatia Andrej Kramarić
100%
1 GK Germany Oliver Baumann
100%
3 DF Czech Republic Pavel Kadeřábek
100%
28 FW Hungary Ádám Szalai
86%
11 MF Austria Florian Grillitsch
86%
36 GK Switzerland Gregor Kobel
86%
6 DF Norway Håvard Nordtveit
86%
19 FW Algeria Ishak Belfodil
86%
34 FW Brazil Joelinton
86%
10 MF Germany Kerem Demirbay
86%
25 DF Nigeria Kevin Akpoguma
86%
16 DF Germany Nico Schulz
86%
8 MF Germany Dennis Geiger
71%
4 DF Bosnia and Herzegovina Ermin Bičakčić
71%
- Coach Germany Julian Nagelsmann
71%
22 DF Germany Kevin Vogt
71%
18 MF Germany Nadiem Amiri
71%
17 MF Switzerland Steven Zuber
71%
15 DF Ghana Kasim Adams
57%
9 FW England Reiss Nelson
57%
32 FW Italy Vincenzo Grifo
57%
42 MF Austria Christoph Baumgartner
43%
2 DF Curaçao Joshua Brenet
43%
7 MF Germany Lukas Rupp
43%
38 DF Austria Stefan Posch
43%
21 DF Germany Benjamin Hübner
29%
31 DF Brazil Lucas Ribeiro
29%
33 GK Germany Alexander Stolz
14%
13 MF Germany Leonardo Bittencourt
14%
37 FW Germany Robin Hack
14%
26 FW Germany David Otto
0%
23 FW Brazil Felipe Pires
0%
24 DF Netherlands Justin Hoogma
0%
No matching quizzes found
Score Distribution
Percent of People with Each Score
Percentile by Number Answered
Your Score History
You have not taken this quiz